| 000 | 00375nam a2200133 a 4500 | ||
|---|---|---|---|
| 005 | 20140414093836.0 | ||
| 008 | 030611s19uu xx 00 eng d | ||
| 050 |
_aCDR 700 _bCLI 1997 |
||
| 245 |
_a10,000 Clip art images : _ba premium collection of clipt art images for any occasion. |
||
| 650 | _aCD-ROM. | ||
| 650 | _aClip art images. | ||
| 942 | _cAVM | ||
| 999 |
_c109035 _d109035 |
||